Biologizace a chemizace výživy zvířat.

Uložené v:
Podrobná bibliografia
Nový názov:Biologizace a chemizace živočíšné výroby. Veterinaria
Médium: Časopis
Jazyk:Czech
Vydané: Praha : Státní zemědělské nakladatelství, 1965-1977.
Tagy: Pridať tag
Žiadne tagy, Buďte prvý kto otaguje tento záznam!

MARC

LEADER 00000nas a22000004a 4500
001 000690121
003 SVKKK
005 20230109164804.0
008 230109d19651977xr r|p|||||||0|||b0cze c
022 |a 0523-6738 
040 |a KE001  |b slo  |e AACR2 
041 0 |a cze 
044 |a xr  |c CZ 
210 0 |a Biol. chem. výživy zvířat 
222 0 |a Biologizace a chemizace výživy zvířat 
245 0 0 |a Biologizace a chemizace výživy zvířat. 
246 3 1 |a Biological and chemical factors in animal nutrition. 
246 3 1 |a Facteurs biologiques et chimiques dans l´alimentation des animaux 
260 |a Praha :  |b Státní zemědělské nakladatelství,  |c 1965-1977. 
310 |a 4x ročne 
362 0 |a 1 (1965)-13 (1977) 
785 0 0 |t Biologizace a chemizace živočíšné výroby. Veterinaria  |x 0139-8571 
910 |a KE001 
998 |a SE 
090 |g CASOS  |k Sklad Hlavná 10 suterén  |a B.2745  |i 305565-160  |s Neprístupná 
090 |g CASOS  |k Sklad Hlavná 10 suterén  |a B.2745  |i 305565-150  |s Neprístupná 
090 |g CASOS  |k Sklad Hlavná 10 suterén  |a B.2745  |i 305565-140  |s Neprístupná 
090 |g CASOS  |k Sklad Pribinova 1. posch.  |a B.2745  |j 45528  |i 2720867165  |s Zviazaný časopis 
090 |g CASOS  |k Sklad Pribinova 1. posch.  |a B.2745  |j 51605  |i 2720867164  |s Zviazaný časopis 
090 |g CASOS  |k Sklad Pribinova 1. posch.  |a B.2745  |j 58699  |i 2720867163  |s Zviazaný časopis 
090 |g CASOS  |k Sklad Pribinova 1. posch.  |a B.2745  |j 61530  |i 2720867162  |s Zviazaný časopis 
090 |g CASOS  |k Sklad Pribinova 1. posch.  |a B.2745  |j 62485  |i 2720846085  |s Zviazaný časopis 
090 |g CASOS  |k Sklad Pribinova 1. posch.  |a B.2745  |j 72358  |i 2720846158  |s Zviazaný časopis 
090 |g CASOS  |k Sklad Pribinova 1. posch.  |a B.2745  |j 75320  |i 2720846207  |s Zviazaný časopis 
090 |g CASOS  |k Sklad Pribinova 1. posch.  |a B.2745  |j 83741  |i 2720846331  |s Zviazaný časopis 
090 |g CASOS  |k Sklad Pribinova 1. posch.  |a B.2745  |j 86825  |i 2720846369  |s Zviazaný časopis